000 00381nam a2200169Ia 4500
003 0100
008 130303s9999 xx 000 0 und d
040 _cARRUPELIB
050 _aB3312.E5M46
100 _aMcDaniel, Stanley V
245 4 _aThe philosophy of Nietzsche
260 _aNew York
260 _bMonarch Press
300 _a149p.
300 _b 21cm.
942 0 0 _017
999 _c40129
_d40129